| 000 | 00352nam a22001337a 4500 | ||
|---|---|---|---|
| 020 | _qHB. | ||
| 040 | _cFIZZA ISHAQ | ||
| 082 |
_a133.9109 _bI.G.E |
||
| 100 |
_aEDMONDS,I.G. _9133374 |
||
| 245 |
_aD.D.HOME THE MAN WHO TALKED WITH GHOSTS / _cI.G.EDMONDS. |
||
| 260 |
_aNEW YORK ; _bNASHVILLE, _c1978. |
||
| 300 |
_a192 P. ; _c8.2X5.2IN |
||
| 942 |
_2ddc _cBK |
||
| 999 |
_c616329 _d616329 |
||